Central Library OPAC University of Rajshahi

مخزن معارف : قران كريم مع ترجمه وتفسير ;; makhzan maearif : quran karim mae tarjamih watafsir / (Record no. 82547)

MARC details
000 -LEADER
fixed length control field 00756nam a2200217 a 4500
001 - CONTROL NUMBER
control field 82547
003 - CONTROL NUMBER IDENTIFIER
rucl marc code BD-RjUL
005 - DATE AND TIME OF LATEST TRANSACTION
control field 20231226151825.0
008 - FIXED-LENGTH DATA ELEMENTS--GENERAL INFORMATION
fixed length control field 231226s1962 ii ||||| |||| 00| 0 urd d
035 ## - SYSTEM CONTROL NUMBER
System control number (BD-RjUL)82547
040 ## - CATALOGING SOURCE
Original cataloging agency BD-RjUL
Language of cataloging eng
Transcribing agency BD-RjUL
041 ## - LANGUAGE CODE
Language code of text/sound track or separate title ara/urd
082 ## - DEWEY DECIMAL CLASSIFICATION NUMBER
Edition number 23
Classification number 297.1225
Author mark and year MUK 1962
245 10 - TITLE STATEMENT
Title مخزن معارف : قران كريم مع ترجمه وتفسير ;; makhzan maearif : quran karim mae tarjamih watafsir /
Statement of responsibility, etc. : معین الدین ;; Moin Al-Din
260 ## - PUBLICATION, DISTRIBUTION, ETC. (IMPRINT)
Place of publication, distribution, etc. پاکستان :
Name of publisher, distributor, etc. عاون : خدا بخش لائبریری،پٹنہ ,
Date of publication, distribution, etc. 1962
300 ## - PHYSICAL DESCRIPTION
Pagination 266 p.;
Size 23 cm
505 ## - FORMATTED CONTENTS NOTE
Formatted contents note surah Fatihah -nisa.
650 ## - SUBJECT ADDED ENTRY--TOPICAL TERM
Topical term or geographic name as entry element Quran
Form subdivision Interpretation
9 (RLIN) 9373
700 ## - ADDED ENTRY--PERSONAL NAME
Personal name Moin Al-Din
942 ## - ADDED ENTRY ELEMENTS (KOHA)
Source of classification or shelving scheme Dewey Decimal Classification
Koha item type Books
Holdings
Lost status Source of classification or shelving scheme Damaged status Not for loan Collection code Permanent Location Current Location Shelving location Date acquired Source of acquisition Full call number Date last seen Copy number Koha item type
  Dewey Decimal Classification   Not For Loan Non-fiction Central Library, University of Rajshahi Central Library, University of Rajshahi Reading Room 26/06/1973 Author U 297.1225 MUK 1962 26/12/2023 C-1 Books